000 00473nam a22001817a 4500
999 _c6030
_d6028
005 20210827132922.0
008 200225b xxu||||| |||| 00| 0 eng d
020 _a978-93-88178-90-7
041 _aeng
082 _a615.1
100 _aAGARWAL, GAURAV
_95121
245 _aPHARMACEUTICAL II FOR SECOUNDARY DIPOLOMA IN PHARMACY BASED---- 1991
250 _a1'ST,2019,
260 _aNEW DELHI
_bCBS
_c2019
300 _a304p;VII
650 _aPHARMACY
_96785
942 _cBK